000 00430nam a2200133 4500
001 114085
003 ES-MaACL
007 t|
008 061121s1967 sp r ||||1| spa d
245 0 4 _aLos paises de menor desarrollo económico relativo a la integración latinoamericana.
260 _a[s.l.] :
_bNaciones Unidas, Consejo Económico y Social,
_c1967.
300 _aIII, 133 p. ;
_c28 cm.
852 _aES-MaACL
_jE-8229
_bR.92868
999 _c114085
_d114085